000 00461nam a2200133 a 4500
008 120416s1978 ||||||||||||||||| || u
020 _a0140051082
050 _aDT 63 Tom
100 _aTompkins, Peter
245 1 0 _aSecrets of the Great Pyramid
260 _aHarmondsworth
_bPenguin
_c1978
350 _a0.00
995 _D0.00
_FCBU-MAIN LIBRARY (Kitwe)
_H1
_I8.95
_UAVAILABLE
_ZMain Library Open Access Collection
999 _c57197
_d57197